Datum a čas kvízu
18.5
Celkem bodů
Celkový počet nahraných bodů na tomto kvízu bez doplňovacích otázek.
8.
Pořadí na kvízu
Konečné umístění týmu na tomto kvízu.
Zaznamenané odpovědi
| # | Otázka | Odpověď | Body | Výsledky |
|---|---|---|---|---|
| 1. | V sobotu se uskutečnila vzpomí... | Panenské Břežany | 1 | |
| 2. | Co neobvyklého přistálo ve čtv... | C) kontejnerová loď | 1 | |
| 3. | Ve středu a ve čtvrtek se před... | John Malkovich | 1 | |
| 4. | Kmen Marubo z Amazonského pral... | C) na pornu | 1 | |
| 5. | O víkendu se poblíž jednoho mě... | Nové Město na Moravě | 1 | |
| 6. | V tomto tématu se podíváme na... | Robert Kennedy | 1 | |
| 7. | Podívejte se pozorně na tvář t... | Watson | 0 | |
| 8. | Tentokrát nás zajímá příjmení... | Dana Hlaváčová; Dora | 1 | |
| 9. | Jak se jmenuje tento muž? Tent... | Etzler; novinář | 1 | |
| 10. | Napište jméno i příjmení této... | Kristýna Plíšková; Dávid Hancko | 1 |